| 000 | 00780cam a22002533a 4500 | ||
|---|---|---|---|
| 001 | 26849 | ||
| 003 | PGUSA | ||
| 005 | 20140828083559.0 | ||
| 008 | 081008s2008||||xxu|||||s|||||000 | eng d | ||
| 040 |
_aPGUSA _beng |
||
| 042 | _adc | ||
| 050 | 4 | _aBX | |
| 100 | 1 |
_aGillespie, George, _d1613-1648 |
|
| 245 | 1 | 4 |
_aThe Works of Mr. George Gillespie (Vol. 1 of 2) _h[electronic resource] / _cGeorge Gillespie |
| 260 |
_bProject Gutenberg, _c2008 |
||
| 506 | _aPublic domain in the USA. | ||
| 516 | _aElectronic text | ||
| 653 | _aGillespie, George, 1613-1648 | ||
| 653 | _aChurch of Scotland -- History | ||
| 700 | 1 |
_aHetherington, W. M. _q(William Maxwell), _d1803-1865 |
|
| 830 | 0 |
_aProject Gutenberg _v26849 |
|
| 856 | 4 | 0 | _uhttp://www.gutenberg.org/ebooks/26849 |
| 942 | _cEB | ||
| 999 |
_c256104 _d256104 |
||